000 00743nam a2200217Ii 4500
003 JO-AjNU
008 230605s9999||||xx |||||||||||||| ||und||
017 _a2012/5469
020 _a978-977-350-465-0
040 _aJO-AjNU
_bara
_erda
_cJO-AjNU
041 _aara
050 1 4 _aLC4015 2013
100 3 _aالعدل، عادل محمد,
_eauthor
_944509
245 0 0 _aالمرجع في الإعاقات و الإضطرابات النفسية وأساليب التربية الخاصة
264 3 1 _aالقاهرة:دار الكتاب الحديث،2013
300 _a512ص
336 _atext
_btxt
_2rdacontent
337 _aunmediated
_bn
_2rdamedia
338 _avolume
_bnc
_2rdacarrier
650 4 _aالمعوقون-تعليم
_944510
999 _aA19224
_c22792
_d22792